Music Groups by Member Who Left - Statistics

General Stats
  • This quiz has been taken 106 times
  • The average score is 10 of 20
Answer Stats
Year Member Group % Correct
1975 Peter Gabriel Genesis
87%
1969 Brian Jones The Rolling Stones
80%
1985 David Lee Roth Van Halen
79%
1996 Sammy Hagar Van Halen
79%
2015 Zayn Malik One Direction
75%
1997 Lauryn Hill Fugees
70%
1968 Syd Barrett Pink Floyd
64%
1997 John Deacon Queen
61%
1998 Steve Perry Journey
57%
2009 John Frusciante Red Hot Chili Peppers
54%
2019 Josh Klinghoffer Red Hot Chili Peppers
54%
1993 Ritchie Blackmore Deep Purple
47%
2001 Jason Newsted Metallica
42%
1981 Paul Di'Anno Iron Maiden
28%
2005 Tom DeLonge Blink-182
27%
1997 Bill Berry R.E.M.
20%
1999 D’arcy Wretzky Smashing Pumpkins
20%
1971 Jeremy Spencer Fleetwood Mac
16%
1998 Matt Sharp Weezer
10%
1995 Paul D’amour Tool
6%
No matching quizzes found
Score Distribution
Percent of People with Each Score
Percentile by Number Answered
Your Score History
You have not taken this quiz